Λογιστική ατομικών και εταιρικών επιχειρήσεων : προς χρήσιν εμπορικών σχολών και κατ' ιδίαν εκμάθησιν

Αποθηκεύτηκε σε:
Λεπτομέρειες βιβλιογραφικής εγγραφής
Κύριος συγγραφέας: Παπαϊωάννου, Γεώργιος Α.
Μορφή: Βιβλίο
Γλώσσα:Greek
Δημοσίευση: Αθήναι : Μ. Σ. Σαριβαξεβάνη, 1931
Θέματα:
Ετικέτες: Προσθήκη ετικέτας
Δεν υπάρχουν, Καταχωρήστε ετικέτα πρώτοι!

MARC

LEADER 00000cam a2200000 i 4500
001 1/30645
008 130531s1931 gre d
035 |l 10114595 
040 |a GR-MY-UA  |b gre  |e aacr 
041 0 |a gre 
082 0 |a 657.9  |2 (22) 
100 1 |a Παπαϊωάννου, Γεώργιος Α. 
245 1 0 |a Λογιστική ατομικών και εταιρικών επιχειρήσεων :  |b προς χρήσιν εμπορικών σχολών και κατ' ιδίαν εκμάθησιν /  |c Γεωργίου Α. Παπαϊωάννου 
260 |a Αθήναι :   |b Μ. Σ. Σαριβαξεβάνη,   |c 1931 
300 |a 186 σ.;  |b πιν.;  |c 23 εκ. 
500 |a Στη σ.τ. ιδιόχειρη αφιέρωση "Δωρεά προς την βιβλιοθήκην του Γυμνασίου Καρλοβασίου Ι. Αδαμόπουλος". 
650 0 0 |a Accounting. 
852 |a INST  |b SAMOS  |c PORFYRIADA  |e 20130531  |h 657.9 ΠΑΠ  |p 005300040163  |q 005300040163  |t NOLOAN  |y 23 
901 |a BIBL3-2013-2 
909 |a Σ  |b 178382 
970 |a ΚΟΣΙΕΡΗΣ  |b ΧΡΗΣΤΟΣ  |z 2013/05/31